Materials and structure of music

Gardado en:
Detalles Bibliográficos
Main Authors: Christ, William (Author), DeLone, Richard (Author), Kliewer, Vernon (Author), Rowell, Lewis (Author), Thomson, William (Author)
Formato: Libro
Idioma:inglés
Publicado: Englewood Cliffs Prentice-Hall 1973
Edición:2a. ed
Subjects:
Tags: Engadir etiqueta
Sen Etiquetas, Sexa o primeiro en etiquetar este rexistro!

MARC

LEADER 00000nam a2200000 a 4500
001 UCN2643
003 CL-VaPUC
008 010531e19730000us |||||||||||||||||eng|d
082 0 4 |a 781  |b CHR  |2 21 
100 0 |a Christ, William  |e author  |9 458730 
700 0 |a DeLone, Richard  |e author  |9 458731 
700 0 |a Kliewer, Vernon  |e author  |9 458732 
700 0 |a Rowell, Lewis  |e author  |9 458733 
700 0 |a Thomson, William  |e author  |9 369698 
245 1 0 |a Materials and structure of music 
250 |a 2a. ed 
300 |a v 
942 |c BK 
945 |d 20010531 00:00:00  |a crobeson 
260 |a Englewood Cliffs  |b Prentice-Hall  |c 1973 
650 0 |a Teoría musical  |9 265760 
650 0 |a Elementos musicales  |9 306544 
650 0 |a Notación musical  |9 265461 
650 0 |a Formas musicales  |9 306416 
650 0 |a Armonía  |9 306328 
650 7 |a RITMO MUSICAL  |2 CL-VaPUC  |9 458734 
650 0 |a Melodía  |9 416978 
650 0 |a Lenguaje musical  |9 375249 
583 |a last modification  |c 20150429 04:35:11  |k Rodrigo Vera 
999 |c 295698  |d 295696 
952 |0 0  |1 0  |4 0  |6 781_000000000000000_CHR_1973  |7 0  |8 A  |9 349010  |a BIBEDU  |b BIBEDU  |d 2019-11-20  |h v.2  |i 1184687  |o 781 CHR 1973  |p 1184687  |r 2022-01-17  |w 2019-11-20  |y BK  |k MUS